[Event "Challenge"]
[Site "http://www.queenalice.com/game.php?id=1544312"]
[Date "2018.10.1"]
[Round "-"]
[White "Nicole63"]
[Black "Frentzy"]
[Result "0-1"]
[WhiteElo "1110"]
[BlackElo "1800"]

1. e4 e6 2. d4 d5 3. Nc3 dxe4 4. Nxe4 Be7 5. Bb5+ c6 6. Ba4 Nd7 7. Nf3 Ngf6 8.
Neg5 Nd5 9. Bd2 h6 10. Ne4 O-O 11. Be3 Nxe3 12. Qd2 Nf5 13. O-O Nd6 14. Rfe1
Nxe4 15. Rxe4 Nf6 16. Ree1 b5 17. Bb3 Bb7 18. Ne5 c5 19. c3 cxd4 20. cxd4 a6 21.
Rac1 Rc8 22. a4 b4 23. h3 a5 24. Qe3 Rxc1 25. Rxc1 Nd5 26. Qg3 Bh4 27. Qf3 Qa8
28. Nd7 Rd8 29. Nc5 Bc6 30. Ne4 Be7 31. g3 Kf8 32. Kg2 Nf6 33. Rxc6 Qxc6 34. g4
Qxe4 35. Kg3 Qxf3+ 36. Kxf3 Rxd4 37. Bc2 Nd5 38. Kg3 Bd6+ 39. Kh4 g5+ 40. Kh5
Kg7 41. f3 Nf6# 0-1

[Event "Challenge"]
[Site "http://www.queenalice.com/game.php?id=1544313"]
[Date "2018.10.1"]
[Round "-"]
[White "Frentzy"]
[Black "vangogh"]
[Result "1/2-1/2"]
[WhiteElo "1718"]
[BlackElo "1537"]

1. Nf3 d5 2. d4 Nf6 3. e3 Bg4 4. Be2 Bxf3 5. Bxf3 Nc6 6. O-O a6 7. Nd2 e5 8.
dxe5 Nxe5 9. Be2 Bc5 10. Nb3 b6 11. Nxc5 bxc5 12. b3 O-O 13. Bb2 Nc6 14. Bf3 Re8
15. Bxf6 Qxf6 16. Bxd5 Rad8 17. Qf3 Nb4 18. c4 Re5 19. Qxf6 gxf6 20. Rfd1 Rde8
21. Bf3 f5 22. Kf1 Kg7 23. Rd2 R8e6 24. a3 Nc6 25. Bxc6 Rxc6 26. Rad1 a5 27. a4
Rb6 28. Rd3 Kg6 29. f4 Re4 30. Kf2 1/2-1/2

[Event "Challenge"]
[Site "http://www.queenalice.com/game.php?id=1544315"]
[Date "2018.10.1"]
[Round "-"]
[White "Frentzy"]
[Black "roli68"]
[Result "1-0"]
[WhiteElo "1740"]
[BlackElo "1739"]

1. Nf3 d5 2. d4 e6 3. Bg5 f6 4. Bd2 c5 5. e3 c4 6. c3 Nc6 7. b3 b5 8. a4 Ba6 9.
axb5 Bxb5 10. bxc4 dxc4 11. Be2 g5 12. h3 e5 13. O-O e4 14. Nh2 Bd6 15. Na3 Ba6
16. Nxc4 Bxh2+ 17. Kxh2 h5 18. Rxa6 Nge7 19. Bxh5+ Kf8 20. Be2 Qc8 21. Nd6 Qc7
22. Kg1 Qxd6 23. Qa4 Kg7 24. Bb5 g4 25. Bxc6 Rac8 26. Bxe4 Qc7 27. Rxa7 Qd6 28.
g3 Rxh3 29. Ra8 Rch8 30. Rxh8 Rxh8 31. Bg2 f5 32. c4 Qh6 33. Rc1 Qh2+ 34. Kf1
Re8 35. Qxe8 Kf6 36. d5 Qh7 37. Bc3+ Kg5 38. Qh8 Qg6 39. Qh4# 1-0

[Event "Challenge"]
[Site "http://www.queenalice.com/game.php?id=1544316"]
[Date "2018.10.1"]
[Round "-"]
[White "saturnin"]
[Black "Frentzy"]
[Result "0-1"]
[WhiteElo "1607"]
[BlackElo "1673"]

1. a4 d5 2. b3 c5 3. c3 a6 4. d4 cxd4 5. Qxd4 Nc6 6. Qe3 Nf6 7. Nf3 e6 8. Qg5 h6
9. Qh4 Be7 10. Qf4 Ne4 11. b4 Bd6 12. Qe3 O-O 13. Qd3 Nf6 14. e3 Ne5 15. Nxe5
Bxe5 16. Ba3 Bd6 17. Be2 Bd7 18. Bd1 b5 19. axb5 Bxb5 20. Qd2 Ne4 21. Qd4 Qc7
22. Bb2 Be5 23. Nd2 Bxd4 24. cxd4 Nxd2 25. Kxd2 Qd6 26. Ba3 Rac8 27. Ke1 Rc7 28.
f4 Rfc8 29. g3 Rc3 30. Kf2 Qc6 31. h4 f5 32. Kf3 h5 33. Be2 Bxe2+ 34. Kxe2 Qb5+
35. Kf2 Rc2+ 36. Kg1 Qe2 0-1

[Event "Challenge"]
[Site "http://www.queenalice.com/game.php?id=1544356"]
[Date "2018.10.1"]
[Round "-"]
[White "Frentzy"]
[Black "vivoferreira"]
[Result "0-1"]
[WhiteElo "1773"]
[BlackElo "1520"]

1. Nf3 d5 2. d4 Nc6 3. e3 Nf6 4. c4 dxc4 5. Bxc4 e6 6. O-O b6 7. Nc3 Na5 8. Be2
Bb7 9. Bd2 Bd6 10. Nb5 O-O 11. Nxd6 Qxd6 12. Bxa5 bxa5 13. a3 Rab8 14. Nd2 Ne4
15. Nxe4 Qc6 16. Bf3 Qb6 17. Rb1 Bxe4 18. Bxe4 Rfe8 19. Bf3 c6 20. Qa4 e5 21.
dxe5 c5 22. Rfc1 Rxe5 23. Rc4 Rc8 24. Qc2 g6 25. b4 Rb8 26. Be4 axb4 27. axb4
Rc8 28. bxc5 Qa6 29. Bd3 Qc6 30. Rc1 Rg5 31. Be4 Qb5 32. c6 f5 33. Bf3 f4 34.
Rb1 Qe5 35. Rxf4 Qe6 36. Qb3 Qxb3 0-1

[Event "Challenge"]
[Site "http://www.queenalice.com/game.php?id=1544485"]
[Date "2018.10.2"]
[Round "-"]
[White "o3bor52"]
[Black "Frentzy"]
[Result "1-0"]
[WhiteElo "1810"]
[BlackElo "1796"]

1. e4 e6 2. d3 d5 3. Nd2 dxe4 4. Nxe4 Be7 5. g3 Nd7 6. Bg2 Ngf6 7. b3 O-O 8. Bb2
Rb8 9. Ne2 b6 10. Nd2 Bb7 11. Nf3 c5 12. c4 Ne8 13. O-O Bf6 14. d4 cxd4 15.
Nexd4 Nc5 16. Qe2 a6 17. Rad1 Qc7 18. Rfe1 Nd6 19. h4 Rfd8 20. Ba1 Ba8 21. Ne5
Re8 22. Bxa8 Rxa8 23. Ndf3 Rad8 24. Qc2 Nf5 25. Ng4 Bxa1 26. Rxa1 Nd4 27. Nxd4
Rxd4 28. Qe2 Red8 29. Rad1 Rxd1 30. Rxd1 Rxd1+ 31. Qxd1 a5 32. Ne5 g6 33. Ng4
Ne4 34. Qf3 1-0

[Event "AUTO-ADV-4081"]
[Site "http://www.queenalice.com/game.php?id=1545863"]
[Date "2018.10.14"]
[Round "1"]
[White "Frentzy"]
[Black "jlpbarreto"]
[Result "1/2-1/2"]
[WhiteElo "1808"]
[BlackElo "1901"]

1. Nf3 Nc6 2. d4 e6 3. e3 d5 4. a3 Bd7 5. c4 a5 6. Nc3 Nf6 7. cxd5 exd5 8. Be2
Be7 9. O-O O-O 10. Bd2 Re8 11. Rc1 Na7 12. Na2 c6 13. b4 axb4 14. Bxb4 Nc8 15.
Ra1 Nd6 16. Ne5 Bf8 17. Nxd7 Qxd7 18. Nc3 Nde4 19. Bxf8 Kxf8 20. Qc2 Kg8 21. Bf3
Ng5 22. Be2 Nge4 23. Bf3 Ra7 24. a4 Ra5 25. Nxe4 Nxe4 26. Bxe4 Rxe4 27. Rfb1 Ra8
28. Rb6 Qc7 29. Qb2 Re7 30. g3 g6 31. Rb1 1/2-1/2

[Event "AUTO-ADV-4081"]
[Site "http://www.queenalice.com/game.php?id=1545864"]
[Date "2018.10.14"]
[Round "1"]
[White "jlpbarreto"]
[Black "Frentzy"]
[Result "1/2-1/2"]
[WhiteElo "1891"]
[BlackElo "1788"]

1. g4 d5 2. Bg2 e6 3. d3 h6 4. Bf4 Be7 5. Nd2 Nf6 6. h3 c5 7. c4 O-O 8. Ngf3 d4
9. O-O Nc6 10. a3 g5 11. Bg3 Bd6 12. Nb3 Rb8 13. Nxc5 Bxc5 14. b4 Bd6 15. Bxd6
Qxd6 16. Nd2 b6 17. Ne4 Nxe4 18. Bxe4 Bb7 19. c5 bxc5 20. bxc5 Qxc5 21. Rc1 Qd6
22. Qa4 Rfc8 23. Kg2 Rc7 24. Rc2 Rbc8 25. Rfc1 Ba8 26. Qa6 Bb7 27. Qa4 Kf8 28.
Kg1 Ba8 1/2-1/2

[Event "AUTO-ADV-4081"]
[Site "http://www.queenalice.com/game.php?id=1545865"]
[Date "2018.10.14"]
[Round "1"]
[White "Frentzy"]
[Black "Tonto"]
[Result "1-0"]
[WhiteElo "1816"]
[BlackElo "1985"]

1. Nf3 d5 2. d4 Bf5 3. e3 a6 4. c4 Nf6 5. cxd5 Nxd5 6. Be2 e6 7. O-O Bd6 8. a3
b5 9. Bd2 Qf6 10. Nc3 Nd7 11. b4 c6 12. Rc1 Qg6 13. Nxd5 cxd5 14. Nh4 Qh6 15. g3
Qf6 16. Rc6 e5 17. Nxf5 Qxf5 18. Rxd6 e4 19. Bg4 Qg5 20. Bxd7+ Ke7 21. h4 Kxd6
22. hxg5 Kxd7 23. Qg4+ Ke7 24. Rc1 g6 25. Rc7+ Kf8 26. Qd7 1-0

[Event "AUTO-ADV-4081"]
[Site "http://www.queenalice.com/game.php?id=1545866"]
[Date "2018.10.14"]
[Round "1"]
[White "Tonto"]
[Black "Frentzy"]
[Result "1-0"]
[WhiteElo "1985"]
[BlackElo "1810"]

1. d4 d5 2. Nc3 e6 3. Bf4 a6 4. a3 c5 5. e3 cxd4 6. Qxd4 Nc6 7. Qa4 Bd7 8. Qb3
b5 9. Nf3 Be7 10. Bd3 Nf6 11. a4 b4 12. Ne2 a5 13. Ned4 Nxd4 14. Nxd4 O-O 15.
Nf3 Nh5 16. Be5 Nf6 17. O-O Bc6 18. Ng5 g6 19. c4 dxc4 20. Bxc4 h6 21. Nxf7 Kxf7
22. Bxe6+ Kg7 23. Rad1 Qb6 24. Qc4 Rad8 25. h3 Bxa4 26. Rxd8 Rxd8 27. Bc7 Qc6
28. Qxc6 Bxc6 29. Bxd8 Bxd8 30. Rd1 Be7 31. f3 a4 32. e4 b3 33. g4 g5 34. e5 Ng8
35. Kg2 Be8 36. Bd7 Bxd7 37. Rxd7 1-0

[Event "AUTO-ADV-4081"]
[Site "http://www.queenalice.com/game.php?id=1545867"]
[Date "2018.10.14"]
[Round "1"]
[White "Frentzy"]
[Black "Nille"]
[Result "1/2-1/2"]
[WhiteElo "1800"]
[BlackElo "1893"]

1. Nf3 d5 2. d4 h6 3. e3 Nf6 4. c4 dxc4 5. Bxc4 e6 6. O-O Nc6 7. Nc3 a6 8. a3
Nd5 9. Be2 Be7 10. Bd2 O-O 11. Rc1 Na7 12. Nxd5 exd5 13. h3 b6 14. b4 Nb5 15.
Qb3 Bb7 16. a4 Nd6 17. b5 axb5 18. axb5 Qd7 19. Ra1 Ne4 20. Bb4 Bxb4 21. Qxb4 c6
22. bxc6 Qxc6 23. Qb2 f5 24. Ne5 Qc7 25. Rac1 Qd8 26. Bb5 Ba6 27. Nc6 Qd6 28.
Ne5 Bxb5 29. Qxb5 Ra5 30. Qc6 Qxc6 31. Rxc6 b5 32. Rb6 Nc3 33. Nc6 1/2-1/2

[Event "AUTO-ADV-4081"]
[Site "http://www.queenalice.com/game.php?id=1545868"]
[Date "2018.10.14"]
[Round "1"]
[White "Nille"]
[Black "Frentzy"]
[Result "1-0"]
[WhiteElo "1893"]
[BlackElo "1806"]

1. e4 e6 2. Nf3 d5 3. e5 c5 4. d3 Nc6 5. c3 d4 6. cxd4 cxd4 7. Qa4 Bd7 8. Qc4
Rc8 9. Qb3 Qc7 10. Be2 Nxe5 11. O-O Nc6 12. Bd2 Nf6 13. h3 e5 14. Ng5 Be6 15.
Nxe6 fxe6 16. Qxe6+ Qe7 17. Qxc8+ 1-0

[Event "AUTO-ADV-4085"]
[Site "http://www.queenalice.com/game.php?id=1547498"]
[Date "2018.10.29"]
[Round "1"]
[White "Frentzy"]
[Black "kuntakinte"]
[Result "0-1"]
[WhiteElo "1686"]
[BlackElo "1939"]

1. Nf3 d5 2. d4 e6 3. a3 Bd6 4. e3 Nc6 5. c4 Nf6 6. Nc3 O-O 7. cxd5 exd5 8. Be2
a6 9. O-O b6 10. b4 b5 0-1

[Event "AUTO-ADV-4085"]
[Site "http://www.queenalice.com/game.php?id=1547515"]
[Date "2018.10.29"]
[Round "1"]
[White "Frentzy"]
[Black "byyonico"]
[Result "0-1"]
[WhiteElo "1737"]
[BlackElo "1768"]

1. Nf3 Nc6 2. d4 d5 3. e3 Qd6 4. c4 Qb4+ 5. Qd2 Nf6 6. Qxb4 e6 7. Qb3 Bb4+ 8.
Bd2 Bxd2+ 9. Nbxd2 O-O 10. Be2 Rd8 11. O-O Ne4 12. Nxe4 dxe4 13. Nd2 f5 14. Rad1
Na5 15. Qc2 b6 0-1

[Event "AUTO-ADV-4085"]
[Site "http://www.queenalice.com/game.php?id=1547516"]
[Date "2018.10.29"]
[Round "1"]
[White "byyonico"]
[Black "Frentzy"]
[Result "1-0"]
[WhiteElo "1748"]
[BlackElo "1843"]

1. e4 e6 2. d4 d5 3. e5 c5 4. Nf3 cxd4 5. Qxd4 Bd7 6. Qf4 h6 7. Qd4 Nc6 8. Qg4
Qc7 9. Bf4 Nge7 10. Bb5 O-O-O 11. O-O f5 12. exf6 gxf6 13. Bxc7 1-0

[Event "AUTO-ADV-4085"]
[Site "http://www.queenalice.com/game.php?id=1547517"]
[Date "2018.10.29"]
[Round "1"]
[White "Frentzy"]
[Black "Fredo"]
[Result "0-1"]
[WhiteElo "1677"]
[BlackElo "2032"]

1. Nf3 d5 2. d4 Nf6 3. e3 Bg4 4. Be2 e6 5. O-O Bd6 6. h3 Bh5 7. c4 c5 8. cxd5
Nxd5 9. Nc3 cxd4 10. Nxd4 Bg6 11. Nxd5 exd5 12. b3 O-O 13. Bb2 Nc6 14. Nf3 Nb4
15. a3 Nc2 0-1

[Event "AUTO-ADV-4085"]
[Site "http://www.queenalice.com/game.php?id=1547518"]
[Date "2018.10.29"]
[Round "1"]
[White "Fredo"]
[Black "Frentzy"]
[Result "1-0"]
[WhiteElo "2034"]
[BlackElo "1675"]

1. e4 e6 2. d4 d5 3. e5 c5 4. Nf3 cxd4 5. Qxd4 a6 6. Bg5 Be7 7. Bf4 Nc6 8. Qd2
f6 9. Nc3 fxe5 10. Nxe5 Nxe5 11. Bxe5 Bf6 12. Qd4 Bxe5 13. Qxe5 Qf6 14. Qd6 Qe7
15. Qb6 1-0

[Event "AUTO-ADV-4086"]
[Site "http://www.queenalice.com/game.php?id=1547655"]
[Date "2018.10.30"]
[Round "1"]
[White "Frentzy"]
[Black "jlpbarreto"]
[Result "0-1"]
[WhiteElo "1704"]
[BlackElo "1862"]

1. Nf3 Nf6 2. d4 e6 3. Bg5 Be7 4. e3 O-O 5. Be2 b6 6. O-O Bb7 7. c4 d6 8. Nc3
Kh8 9. h3 Kg8 10. Bxf6 Bxf6 11. e4 Nd7 12. d5 Kh8 13. Nh2 Kg8 14. Kh1 Kh8 15. f4
a5 16. Ng4 Kg8 17. Nxf6+ Nxf6 18. e5 Ne8 19. Bf3 Qc8 0-1

[Event "AUTO-ADV-4086"]
[Site "http://www.queenalice.com/game.php?id=1547656"]
[Date "2018.10.30"]
[Round "1"]
[White "jlpbarreto"]
[Black "Frentzy"]
[Result "1-0"]
[WhiteElo "1851"]
[BlackElo "1718"]

1. g4 d5 2. Bg2 Bxg4 3. c4 Nf6 4. cxd5 Nxd5 5. Qb3 c6 6. Qxb7 Nd7 7. Nc3 e6 8.
Qxc6 Rc8 9. Qa4 Nxc3 10. dxc3 Bc5 11. Qxg4 Qf6 12. Nf3 O-O 13. Bg5 Qg6 14. e4
Nf6 15. Qf4 Qxe4+ 16. Qxe4 Nxe4 17. Bh4 1-0

[Event "AUTO-ADV-4086"]
[Site "http://www.queenalice.com/game.php?id=1547657"]
[Date "2018.10.30"]
[Round "1"]
[White "Frentzy"]
[Black "Artking"]
[Result "0-1"]
[WhiteElo "1860"]
[BlackElo "2029"]

1. Nf3 Nf6 2. c4 g6 3. d4 Bg7 4. e3 c5 5. d5 d6 6. Bd2 e5 7. Nc3 a6 8. e4 O-O 9.
Be2 Nbd7 10. O-O Qe8 11. Qc2 Nh5 12. Qc1 f5 13. exf5 gxf5 14. h3 e4 15. Nh2 Ne5
16. f4 exf3 17. Nxf3 Nxf3+ 18. Bxf3 Bd4+ 19. Rf2 Ng3 20. Qf1 Nxf1 0-1

[Event "AUTO-ADV-4086"]
[Site "http://www.queenalice.com/game.php?id=1547658"]
[Date "2018.10.30"]
[Round "1"]
[White "Artking"]
[Black "Frentzy"]
[Result "1-0"]
[WhiteElo "2021"]
[BlackElo "1679"]

1. e4 e6 2. d4 d5 3. Nd2 Nf6 4. e5 Nfd7 5. f4 c5 6. c3 cxd4 7. cxd4 b6 8. Ngf3
Bb7 9. Bd3 Be7 10. O-O O-O 11. Ng5 g6 12. Ndf3 h6 13. Nh3 Nc6 14. a3 Kg7 15. Nf2
Rc8 16. Be3 Ncb8 17. Ng4 h5 18. Nf6 Nxf6 19. exf6+ Bxf6 20. Ne5 Ba6 21. Bxa6
Nxa6 22. Qe2 1-0